000
00392nam a22001217a 4500
003
SGT
082
_a
080
_b
B17K
100
_a
काटदरे, इंदुमती
245
_a
भारतीय शिक्षा ग्रंथमाला
260
_b
पुनरुत्थान प्रकाशन सेवा ट्रस्ट
_c
2017
300
_a
412
942
_2
ddc
_c
BK
999
_c
31445
_d
31445